MARC

LEADER 00000nas a2200000 4500
001 ssj0006417
003 WaSeSS
005 20200512172242.0
006 m d
007 cr n
008 751016c19569999vauqr p s 0 a0eng
010 |a  62001387  
022 |l 0004-2188  |y 0004-2188 
032 |a 032220  |b USPS 
035 |a (WaSeSS)ssj0006417 
037 |b American Society of Military Comptrollers, P.O. Box 338, Burgess, VA 22432-0338 
040 |a DLC  |b eng  |c SUL  |d COO  |d NSD  |d DLC  |d AIP  |d NSD  |d OCLCQ  |d NLGGC  |d U9S  |d OCLCQ  |d OCLCF  |d OCLCO  |d OCLCQ  |d RDF  |d WaSeSS 
042 |a nsdp  |a pcc 
043 |a n-us--- 
050 0 0 |a UC20  |b .A75 
082 1 0 |a 355  |2 11 
210 0 |a Armed Forces comptrol. 
222 4 |a The Armed Forces comptroller 
245 0 4 |a The Armed Forces comptroller  |h [electronic resource]. 
260 |a [Reedville, VA, etc.]  |b [American Society of Military Comptrollers] 
310 |a Quarterly 
362 0 |a v. 1- July 1956- 
506 |a License restrictions may limit access. 
650 0 |a Controllership  |v Periodicals. 
650 6 |a Contrôleurs de gestion  |v Périodiques. 
650 7 |a Armed Forces  |x Finance.  |2 fast  |0 (OCoLC)fst01351777 
650 7 |a Controllership.  |2 fast  |0 (OCoLC)fst00877111 
650 1 7 |a Krijgsmacht.  |2 gtt 
650 1 7 |a Financieel management.  |2 gtt 
651 0 |a United States  |x Armed Forces  |x Finance  |v Periodicals. 
651 6 |a États-Unis  |x Forces armées  |x Finances  |v Périodiques. 
651 7 |a United States.  |2 fast  |0 (OCoLC)fst01204155 
655 0 |a Electronic journals. 
710 2 |a American Society of Military Comptrollers. 
850 |a DLC 
856 4 0 |z Full text available from Research Library: 04/01/1992 to present  |u https://search.proquest.com/publication/35630